[Event "Corrado Bitti Memorial 5th"]
[Site "Laconi"]
[Date "2005.08.11"]
[Round "9"]
[White "Mannu, Michele"]
[Black "Maldarelli, Lorenzo"]
[Result "0-1"]
[WhiteElo "1933"]
[BlackElo "1837"]
[PlyCount "52"]
[EventDate "2005.08.06"]
[EventType "swiss"]
[EventRounds "9"]
[EventCountry "ITA"]
[SourceTitle "EXT 2007"]
[Source "ChessBase"]
[SourceDate "2006.11.23"]
[SourceVersion "1"]
[SourceVersionDate "2006.11.23"]
[SourceQuality "1"]

1. Nf3 Nf6 2. g3 b6 3. Bg2 Bb7 4. 0-0 e6 5. d3 Be7 6. Nbd2 0-0 7. c3 d6 8. Qc2 c5 9. b3 Nbd7 10. Bb2 Rc8 11. c4 e5 12. Rfe1 Re8 13. Nxe5 Bxg2 14. Nxd7 Bc6 15. Nxf6+ Bxf6 16. Nf1 Bxb2 17. Qxb2 Re6 18. Ne3 Qg5 19. Ng2 Rce8 20. e4 f5 21. exf5 Qxf5 22. Rxe6 Rxe6 23. d4 cxd4 24. Qxd4 Qf3 25. Qd5 Bxd5 26. cxd5 Re2 0-1